000 00407nam a2200133Ia 4500
008 100328s9999 xx 000 0 und d
082 _b30333
100 _aआगरकर गो. ग.
245 _aनिबंध संग्रह
260 _bशिराळकर आणि कं.
630 _aनिबंध संग्रह
730 _aनिबंध संग्रह
942 _cBOOK
999 _c521307
_d521304